| 000 | 02153nam a2200493 i 4500 | ||
|---|---|---|---|
| 001 | DIGDESCL0148 | ||
| 003 | NyNyDIG | ||
| 006 | m o d | ||
| 007 | cr ||||||||||| | ||
| 008 | 231119s2015 sp a ob 001 0 spa d | ||
| 035 | _a(OCoLC)1410556917 | ||
| 040 |
_aDGITA _beng _erda _epn _cDGITA |
||
| 020 |
_a9788433037602 _qeBook |
||
| 020 | _z9788433027023 | ||
| 041 | 1 |
_aspa _heng |
|
| 050 | 1 | 4 | _aRC553.D5 ebook |
| 100 | 1 |
_aBoon, Suzette, _eauthor. |
|
| 240 | 1 | 0 |
_aCoping with trauma-related dissociation. _lSpanish _s(Colodrón) |
| 245 | 1 | 0 |
_aVivir con disociación traumática : _bentrenamiento de habilidades para pacientes y terapeutas / _cSuzette Boon, Kathy Steele, Onno Van Der Hart ; traducción, Alfonso Colodrón. |
| 264 | 1 |
_aBilbao : _bDesclée De Brouwer, _c2015. |
|
| 300 |
_a1 online resource : _billustrations. |
||
| 336 |
_atext _btxt _2rdacontent |
||
| 337 |
_acomputer file _bc _2rdamedia |
||
| 338 |
_aonline resource _bcr _2rdacarrier |
||
| 347 |
_atext file _2rdaft |
||
| 347 | _bEPUB | ||
| 490 | 1 |
_aBiblioteca de psicología ; _v190 |
|
| 504 | _aIncludes bibliographical references and Index. | ||
| 588 | 0 | _aOnline resource; title from ePub title page (Digitalia, viewed November 19, 2023) | |
| 650 | 0 | _aDissociative disorders. | |
| 650 | 0 | _aPost-traumatic stress disorder. | |
| 650 | 0 | _aDissociation (Psychology) | |
| 700 | 1 |
_aSteele, Kathy, _eauthor. |
|
| 700 | 1 |
_aHart, Onno van der, _d1941- _eauthor. |
|
| 700 | 1 |
_aColodrón, Alfonso, _q(Colodrón Gómez), _etranslator. |
|
| 700 | 1 |
_iTranslation of: _aBoon, Suzette. _tCoping with trauma-related dissociation. |
|
| 776 | 0 | 8 |
_iPrint version: _aBoon, Suzette. _sCoping with trauma-related dissociation. Spanish (Colodrón). _tVivir con disociación traumática. _dBilbao : Desclée De Brouwer, [2014] _z9788433027023 |
| 791 | 2 |
_aDigitalia (Firm), _edistributor. |
|
| 793 | 0 |
_gDigitalia eBook Collection: _aEditorial Desclée De Brouwer |
|
| 830 | 0 |
_aBiblioteca de psicología (Desclée de Brouwer (Firm)) ; _v190 |
|
| 856 | 4 | 0 |
_3Digitalia Hispánica _uhttps://www.digitaliapublishing.com/a/84220/ |
| 910 | _aPremium collection: 2023 | ||
| 942 | _cRAA | ||
| 999 |
_c266264 _d266264 |
||